| 000 | 00918cam a2200289 4500 | ||
|---|---|---|---|
| 008 | 090401t1995 xxu||||| |||| 00| 0 eng d | ||
| 020 | _a1860810586 | ||
| 035 | _a(Sirsi) u60218 | ||
| 041 | _aeng | ||
| 050 | _a546.73 | ||
| 100 | _aButler, D.J.G. | ||
| 245 | _aSafety and environmental requirements of new refrigerants. | ||
| 260 |
_aGarston, Watford _bBuilding Research Establishment _c1995 |
||
| 300 | _a7p. ; 30cm. | ||
| 350 | _a0 | ||
| 490 |
_aBRE Information Paper _v16/95 |
||
| 650 | _aBUILT ENVIRONMENT-BUILDING ELEMENTS-COMPLETE BUILDING SERVICES ELEMENTS-COMPLETE HEATING, VENTILATION AND AIR CONDITIONING SYSTEMS | ||
| 650 | _aCFCS | ||
| 650 | _aCHLOROFLUOROCARBONS | ||
| 650 | _aHCFCS | ||
| 650 | _aHYDROCHLOROFLUOROCARBONS | ||
| 650 | _aREFRIGERANTS | ||
| 690 | _aENVIRONMENTAL AND LAND CONSULTANCY | ||
| 710 | _aBuilding Research Establishment | ||
| 942 | _n0 | ||
| 948 | _c04/03/1997 | ||
| 999 |
_c94209 _d94209 |
||